Państwa świata kończące się na literę „S” - Statystyki

Ogólne statystyki
  • Ten quiz został rozwiązany 683 razy
  • Średni wynik to 3 z 5
Statystyki odpowiedzi
Państwo % Poprawnych
Laos
70%
Honduras
61%
Barbados
55%
Mauritius
44%
Saint Kitts i Nevis
38%
Nie znaleziono quizów pasujących do podanych kryteriów
Rozkład punktacji
Procent ludzi z każdym wynikiem
Percentyl według liczby udzielonych odpowiedzi
Twoja historia wyników
Nie rozwiązałeś tego quizu